00449nam a2200157Ia 4500008004100000040001900041041001200060082002500072100001200097245008000109260002600189300001900215650001700234700002200251850001800273131103s9999 xx 000 0 und d aLoreto College aEnglish a842/MOLbLCLIB/38445 aMoliere 4aThe Miser love's the best doctor Don JuancMoliere; translated by John Wood aLondonbPenguinc1962 a247p. c 22cm. aFrench drama aWood, John ; trl. aLCLIB/842/MUL